000 00525cam a2200181 4500500
005 20260405003044.0
041 _afre
042 _adc
100 1 0 _aRontard, Yseult
_eauthor
245 0 0 _aVie bonne, Modes d’emploi
260 _c2020.
500 _a97
690 _aBonheur
690 _aJoie
690 _aPlaisir
786 0 _nPhilosophie magazine | 140 | 7 | 2020-07-01 | p. 24-24 | 1951-1787
856 4 1 _uhttps://shs.cairn.info/magazine-philosophie-magazine-2020-7-page-24?lang=fr&redirect-ssocas=7080
999 _c2063997
_d2063997